000 00196nam a2200085Ia 4500
008 120527s9999 xx 000 0 und d
100 _aPAWSON & TILLEY
245 _aRealistic evaluation
942 _cBK
999 _c25752
_d25752